<?xml version="1.0" encoding="UTF-8"?>
<collection xmlns:xsi="http://www.w3.org/2001/XMLSchema-instance" xsi:schemaLocation="http://www.loc.gov/MARC21/slim http://www.loc.gov/standards/marcxml/schema/MARC21slim.xsd" xmlns="http://www.loc.gov/MARC21/slim">
 <record>
  <leader>00000cam a22000004i 4500</leader>
  <controlfield tag="001">UP-99796217612317805</controlfield>
  <controlfield tag="003">Buklod</controlfield>
  <controlfield tag="005">20161209095056.0</controlfield>
  <controlfield tag="006">m    |o  d |      </controlfield>
  <controlfield tag="007">ta</controlfield>
  <controlfield tag="008">161209s2016    xx     d     r    |||| u|</controlfield>
  <datafield tag="020" ind1=" " ind2=" ">
   <subfield code="a">9786219558518</subfield>
  </datafield>
  <datafield tag="035" ind1=" " ind2=" ">
   <subfield code="a">(iLib)UPD-00259713467</subfield>
  </datafield>
  <datafield tag="037" ind1=" " ind2=" ">
   <subfield code="a">BA026702,BA026703,BA026704,BA026705,BA026706</subfield>
   <subfield code="b">Gift VSB</subfield>
   <subfield code="c">Complimentary</subfield>
   <subfield code="n">Business Administration Department</subfield>
  </datafield>
  <datafield tag="040" ind1=" " ind2=" ">
   <subfield code="a">DBUS</subfield>
   <subfield code="e">rda</subfield>
  </datafield>
  <datafield tag="041" ind1=" " ind2=" ">
   <subfield code="a">eng</subfield>
  </datafield>
  <datafield tag="042" ind1=" " ind2=" ">
   <subfield code="a">DMLUC</subfield>
  </datafield>
  <datafield tag="090" ind1=" " ind2=" ">
   <subfield code="a">HD 30.28</subfield>
   <subfield code="b">R434 2016</subfield>
  </datafield>
  <datafield tag="245" ind1="0" ind2="0">
   <subfield code="a">Readings on strategic management</subfield>
   <subfield code="c">edited by Emerlinda R. Roman.</subfield>
  </datafield>
  <datafield tag="264" ind1=" " ind2="1">
   <subfield code="a">Quezon City</subfield>
   <subfield code="b">UP Business Research Foundations Inc.</subfield>
   <subfield code="c">[2016]</subfield>
  </datafield>
  <datafield tag="300" ind1=" " ind2=" ">
   <subfield code="a">xiv, 390, 12 pages</subfield>
   <subfield code="c">23 cm</subfield>
  </datafield>
  <datafield tag="336" ind1=" " ind2=" ">
   <subfield code="a">text</subfield>
   <subfield code="2">rdacontent</subfield>
  </datafield>
  <datafield tag="337" ind1=" " ind2=" ">
   <subfield code="a">unmediated</subfield>
   <subfield code="2">rdamedia</subfield>
  </datafield>
  <datafield tag="338" ind1=" " ind2=" ">
   <subfield code="a">volume</subfield>
   <subfield code="2">rdacarrier</subfield>
  </datafield>
  <datafield tag="504" ind1=" " ind2=" ">
   <subfield code="a">Includes bibliographical references (pages 389-390) and index.</subfield>
  </datafield>
  <datafield tag="505" ind1="0" ind2=" ">
   <subfield code="t">Introduction</subfield>
   <subfield code="r">Emerlinda R. Roman--</subfield>
   <subfield code="t">Schools of thought in strategic management : a review</subfield>
   <subfield code="r">Ben Paul B. Gutierrez--</subfield>
   <subfield code="t">Two views on firm strategy</subfield>
   <subfield code="r">Rafael A. Rodriguez--</subfield>
   <subfield code="t">The evolution of strategic planning</subfield>
   <subfield code="r">Rafael A. Rodriguez--</subfield>
   <subfield code="t">A survey of strategic planning practice</subfield>
   <subfield code="r">Rafael A. Rodriguez--</subfield>
   <subfield code="t">Sustaining competitive advantage</subfield>
   <subfield code="r">afael A. Rodriguez--</subfield>
   <subfield code="t">Foreign diversification of Philippine firms</subfield>
   <subfield code="r">Rafael A. Rodriguez and Benjamin C. Sandoval--</subfield>
   <subfield code="t">Diversification strategies of large business groups in the Philippines</subfield>
   <subfield code="r">Ben Paul B. Gutierrez and Rafael A. Rodriguez--</subfield>
   <subfield code="t">Issues on Philippine national competitiveness</subfield>
   <subfield code="r">Rafael A. Rodriguez--</subfield>
   <subfield code="t">Regional economic integration and the ASEAN economic community : opportunities for the Philippines</subfield>
   <subfield code="r">Ben Paul B. Gutierrez--</subfield>
   <subfield code="t">Corporate social responsibility : who should benefit</subfield>
   <subfield code="r">Arturo Benedicto M. Ilano--</subfield>
   <subfield code="t">Strategy implementation concerns of the general manager/chief executive officer</subfield>
   <subfield code="r">Erlinda S. Echanis--</subfield>
   <subfield code="t">Strategy and organizational structure : the multidivisional form</subfield>
   <subfield code="r">Arthur S. Cayanan--</subfield>
   <subfield code="t">Holding companies : a structure for managing diversification</subfield>
   <subfield code="r">Erlinda S. Echanis--</subfield>
   <subfield code="t">Strategies for international expansion</subfield>
   <subfield code="r">Erlinda S. Echanis--</subfield>
   <subfield code="t">Redesigning business models and reengineering business processes</subfield>
   <subfield code="r">Erlinda S. Echanis--</subfield>
   <subfield code="t">The impact of regulations on business operations</subfield>
   <subfield code="r">Kristina Paola P. Frias--</subfield>
   <subfield code="t">Organizational performance measures</subfield>
   <subfield code="r">Erlinda S. Echanis--</subfield>
   <subfield code="t">Stock options : an incentive compensation scheme for managers</subfield>
   <subfield code="r">Erlinda S. Echanis--</subfield>
   <subfield code="t">Corporate culture</subfield>
   <subfield code="r">Rafael A. Rodriguez--</subfield>
   <subfield code="t">Descriptions of corporate cultures in some well-known companies : global and local</subfield>
   <subfield code="r">Emerlinda R. Roman--</subfield>
   <subfield code="t">Tony Tan Caktiong's influence on the organizational culture of Jollibee</subfield>
   <subfield code="r">James Ryan O. Jonas--</subfield>
   <subfield code="t">Conflict, power, politics in organizations</subfield>
   <subfield code="r">Erlinda S. Echanis--</subfield>
   <subfield code="t">Power, politics and conflict and their impact on organization's strategy : three case studies</subfield>
   <subfield code="r">Emerlinda R. Roman</subfield>
  </datafield>
  <datafield tag="650" ind1=" " ind2="0">
   <subfield code="a">Strategic planning.</subfield>
  </datafield>
  <datafield tag="700" ind1="1" ind2=" ">
   <subfield code="a">Roman, Emerlinda R.</subfield>
   <subfield code="e">editor.</subfield>
  </datafield>
  <datafield tag="905" ind1=" " ind2=" ">
   <subfield code="a">FI</subfield>
  </datafield>
  <datafield tag="852" ind1="0" ind2=" ">
   <subfield code="a">UPD</subfield>
   <subfield code="b">DBUS</subfield>
   <subfield code="h">HD 30.28</subfield>
   <subfield code="i">R434 2016</subfield>
  </datafield>
  <datafield tag="852" ind1="0" ind2=" ">
   <subfield code="a">UPD</subfield>
   <subfield code="b">DMLF</subfield>
   <subfield code="h">HD 30.28</subfield>
   <subfield code="i">R434 2016</subfield>
  </datafield>
  <datafield tag="852" ind1="0" ind2=" ">
   <subfield code="a">UPEPP</subfield>
   <subfield code="b">UPEPP</subfield>
   <subfield code="h">HD 30.28</subfield>
   <subfield code="i">R434 2016</subfield>
  </datafield>
  <datafield tag="942" ind1=" " ind2=" ">
   <subfield code="a">Book</subfield>
  </datafield>
 </record>
</collection>
